| 000 | 00381nam a22001697a 4500 | ||
|---|---|---|---|
| 003 | SGT | ||
| 020 | _a9780367394929 | ||
| 082 |
_a617.8 _bG19W |
||
| 100 | _aWILLWMS, PATRICK A. | ||
| 245 | _aGENETIC HEARING LOSS | ||
| 250 | _a1ST | ||
| 260 |
_aBOCA RATON _bCRC PRESS PUB _c2019 |
||
| 300 | _a483 | ||
| 650 | _aAUDIOLOGY | ||
| 653 | _aGENETIC HEARING LOSS | ||
| 942 |
_2ddc _cBK |
||
| 999 |
_c31302 _d31302 |
||